书目信息 |
| 题名: |
历史地理学四论
|
|
| 作者: | 侯仁之 著 | |
| 分册: | ||
| 出版信息: | 北京 中国科学技术出版社 2005 |
|
| 页数: | 140页 | |
| 开本: | 21cm | |
| 丛书名: | 中国文库 | |
| 单 册: | ||
| 中图分类: | K901.9 | |
| 科图分类: | ||
| 主题词: | 历史地理学 , 历史地理学--文集 , 地理 | |
| 电子资源: | ||
| ISBN: | 7-5046-4067-0 | |
| 000 | 00895oam2 2200289 450 | |
| 001 | 1251133178 | |
| 005 | 20121012141418.76 | |
| 010 | @a7-5046-4067-0@dCNY10.00 | |
| 100 | @a20080430d2005 em y0chiy50 ea | |
| 101 | 0 | @achi |
| 102 | @aCN@b110000 | |
| 105 | @aa z 000yy | |
| 106 | @ar | |
| 200 | 1 | @a历史地理学四论@Ali shi de li xue si lun@f侯仁之著 |
| 210 | @a北京@c中国科学技术出版社@d2005 | |
| 215 | @a140页@c图@d21cm | |
| 225 | 2 | @a中国文库@i科学技术类 |
| 308 | @a文库第二辑 | |
| 330 | @a本书收录作者有关历史地理学的重要理论文章,包括《历史地理学刍议》、《历史地理学的理论与实践》、《再论历史地理学的理论与实践》等文章。 | |
| 462 | 0 | @1001002996092 |
| 606 | 0 | @a历史地理学 |
| 606 | 0 | @a历史地理学@j文集 |
| 606 | 0 | @a地理 |
| 690 | @aK901.9@v4 | |
| 701 | 0 | @a侯仁之@Ahou ren zhi@f(1911~)@4著 |
| 801 | 0 | @aCN@bXM@c20050727 |
| 905 | @a10447@dK901.9@eJY3 | |
| 历史地理学四论/侯仁之著 .-北京:中国科学技术出版社,2005 |
| 140页:图;21cm .-(中国文库.科学技术类 ) |
| ISBN 7-5046-4067-0:CNY10.00 |
| 本书收录作者有关历史地理学的重要理论文章,包括《历史地理学刍议》、《历史地理学的理论与实践》、《再论历史地理学的理论与实践》等文章。 |
| ● |
| 相关链接 |
|
|
|
|
正题名:历史地理学四论
索取号:K901.9/JY3
 
预约/预借
| 序号 | 登录号 | 条形码 | 馆藏地/架位号 | 状态 | 备注 |
| 1 | 7825646 | 278256469 | 学院路分馆/ [索取号:K901.9/JY3] | 在馆 | |
| 2 | 7825647 | 278256478 | 学院路分馆/ [索取号:K901.9/JY3] | 在馆 |